000 01022nam a22002417a 4500
005 20240530110541.0
008 160508s2014 su g b 000 0 ara d
017 _a1434/7491
_bالسعودية . مكتبة الملك فهد الوطنية
020 _a9786038120996
040 _aEG-CaGPL
082 0 4 _221
_a153.9\
_bم ذ
100 0 _aمحمد عبدالتواب ابو النور
245 1 2 _aالذكاءات المتعددة و استراتيجيات تنميتها :
_bرؤية تربوية معاصرة /
_cمحمد عبدالتواب ابو النور ، امال جمعة عبدالفتاح
250 _aط1
260 _aالرياض :
_bدار الزهراء ،
_c2014 .
300 _a344 ص ؛
_c24 سم .
504 _aيشتمل على ارجاعات ببليوجرافية
650 0 4 _aالذكاء
650 0 4 _aعلم النفس التربوى
700 0 _aامال جمعة عبدالفتاح
_eمؤلف مشارك
942 _2ddc
_cBK
999 _c62251
_d62251